La calidad a través del Recurso Humano.

Na minha lista:
Detalhes bibliográficos
Autor Corporativo: Asensores Schindler (Chile) S.A
Formato: Livro
Publicado em: Santiago, Chile Asensores Schindler (Chile) S.A., 1998?
Colecção:Colección Ganadores. Premio Nacional ala Calidad.
Assuntos:
Tags: Adicionar Tag
Sem tags, seja o primeiro a adicionar uma tag!

MARC

LEADER 00000nam a22000007a 4500
003 CL-VaPUC
005 20250321101117.0
008 250321s1998 ||||| |||| 00| 0 spa d
999 |c 447535  |d 447533 
040 |c Pontificia Universidad Católica de Valparaíso 
082 |a 658.3 ASC 1998? 
110 1 |a Asensores Schindler (Chile) S.A.   |9 897318 
245 1 3 |a La calidad a través del Recurso Humano. 
260 |a Santiago, Chile   |b Asensores Schindler (Chile) S.A.,   |c 1998? 
300 |a 84 páginas. 
490 |a Colección Ganadores.   |a Premio Nacional ala Calidad.  
500 |a c.1. Donación MEMO Nº 1 -BIBNEG 7-1-2025. 
583 |c 20250321  |k GC 
650 |a Empresas  |x Recursos humanos   |x Calidad   |x Premios  |9 897319 
942 |2 ddc  |c BK  |n 1 
952 |0 0  |1 0  |2 ddc  |4 0  |6 658_300000000000000_ASC_1998  |7 0  |8 A  |9 601700  |a BIBENE  |b BIBENE  |d 2025-03-21  |e Donación   |i 5666609  |o 658.3 ASC 1998?  |p 5666609  |r 2025-03-21  |t 1  |w 2025-03-21  |y BK  |k ICO